| 000 | 05203cam a2201081 a 4500 | ||
|---|---|---|---|
| 999 | _c55851 | ||
| 001 | 11895937 | ||
| 003 | LIBRIS | ||
| 005 | 20210209124823.0 | ||
| 008 | 100818s2010 sw a||||||||||000 0|swe| | ||
| 020 |
_a9789153436010 _qinb. |
||
| 035 | _a(Bo)458177 | ||
| 040 |
_aLGEN _dOg _dS _ea |
||
| 041 | _aswe | ||
| 082 | 0 | 4 |
_a641.56383 _222 |
| 084 |
_aQcabb _2kssb/8 |
||
| 084 | _aMåltidsakademiens biblioteksstiftelse | ||
| 084 | _aMåltidslitteratur 2010 | ||
| 084 | _aKategori: Hälsa | ||
| 100 | 1 |
_aDavidsson, Ulrika, _d1971- _0https://libris.kb.se/sq47b0mb5s33sll#it |
|
| 245 | 1 | 0 |
_aLCHF på mitt sätt : _b100 recept med nästan inga kolhydrater! / _cUlrika Davidsson ; foto: Malte Danielsson. |
| 264 | 1 |
_aVästerås : _bIca, _c2010 |
|
| 264 | 3 | _aItalien | |
| 300 |
_a143 s. _bill. _c25 cm |
||
| 340 | _b25 cm | ||
| 541 | _5Gma | ||
| 541 | _5Og | ||
| 650 | 7 |
_aDietmat _0https://id.kb.se/term/sao/Dietmat _2sao |
|
| 650 | 7 |
_aLågkolhydratdiet _0https://id.kb.se/term/sao/L%C3%A5gkolhydratdiet _2sao |
|
| 650 | 0 | _aLow-carbohydrate diet | |
| 650 | 0 | _aDietetic foods | |
| 655 | 7 |
_aKokböcker _0https://id.kb.se/term/saogf/Kokb%C3%B6cker _2saogf |
|
| 700 | 1 |
_aDanielsson, Malte, _d1961- _4pht _0https://libris.kb.se/64jmtvqq3g4g86d#it |
|
| 887 |
_a{"@id":"wf78ksx725nh458","modified":"2017-10-10T11:51:51+02:00","checksum":"67355275526"} _2librisxl |
||
| 887 |
_a{"@id":"rw3rw2fx3hq9rs6","modified":"2014-08-25T11:08:20+02:00","checksum":"31460703683"} _2librisxl |
||
| 887 |
_a{"@id":"rw3q5qtx2zm1msz","modified":"2014-04-01T11:42:57+02:00","checksum":"28812067318"} _2librisxl |
||
| 887 |
_a{"@id":"04bh95s538888ls","modified":"2010-10-11T18:55:22+02:00","checksum":"47916747933"} _2librisxl |
||
| 887 |
_a{"@id":"rw3h1h5x445jj6q","modified":"2012-04-03T10:05:17+02:00","checksum":"40441060985"} _2librisxl |
||
| 887 |
_a{"@id":"w171f7z23vqm4zj","modified":"2016-03-07T10:13:21+01:00","checksum":"32191322684"} _2librisxl |
||
| 887 |
_a{"@id":"37fmjd081wrjzq6","modified":"2011-01-05T10:28:00+01:00","checksum":"31540247478"} _2librisxl |
||
| 887 |
_a{"@id":"tz60jhn036p0rjm","modified":"2015-06-22T10:48:56+02:00","checksum":"30868156186"} _2librisxl |
||
| 887 |
_a{"@id":"w171w6v23tgzj56","modified":"2015-04-13T13:49:55+02:00","checksum":"37212694302"} _2librisxl |
||
| 887 |
_a{"@id":"chpvjchj5kmsjpk","modified":"2010-09-29T15:11:53+02:00","checksum":"28644566515"} _2librisxl |
||
| 887 |
_a{"@id":"hmt5sq2n3k36pqw","modified":"2011-09-26T14:00:09+02:00","checksum":"11318337680"} _2librisxl |
||
| 887 |
_a{"@id":"djqwpmjk0n7d609","modified":"2010-10-12T12:28:31+02:00","checksum":"38043153551"} _2librisxl |
||
| 887 |
_a{"@id":"v06cjl2104d65vr","modified":"2017-11-29T11:17:23+01:00","checksum":"36220651404"} _2librisxl |
||
| 887 |
_a{"@id":"rw3884kx3pkrdwg","modified":"2010-10-25T09:32:55+02:00","checksum":"31485217112"} _2librisxl |
||
| 887 |
_a{"@id":"8kjn5v5b6rsb1kbr","modified":"2019-06-13T13:10:56.245+02:00","checksum":"25301018972"} _2librisxl |
||
| 900 | 1 | s |
_6100 _d1971- _uDavidsson, Ulrika, _d1971- |
| 942 |
_2z _cBOOK |
||